Účasť človeka na zachovaní a dotváraní univerza

Bibliographic Details
Main Author: Kišš, Igor, 1932-2018 (Author)
Format: Article
Language:Slovak
Subjects:

MARC

LEADER 00000nab a2200000 a 4500
001 vtls000551047
003 SK-MaSNL
005 20260304212555.0
008 140617c xo 0 slo
015 |a SNBRB19rr/mm-uuuuu 
035 |a CL0551185 
040 |a SNKBUCL  |b slo  |c SNKBUCL  |e AACR2 
041 0 |a slo 
044 |a xo  |c SK 
080 |a 213  |2 1981 
100 1 |a Kišš, Igor,  |d 1932-2018  |4 aut  |9 89390 
245 1 0 |a Účasť človeka na zachovaní a dotváraní univerza  |c Igor Kišš 
650 0 7 |a svet (filozofia)  |2 snkbucl  |9 23274 
650 0 7 |a človek  |2 snkbucl  |9 16150 
655 7 |a články z novín a časopisov  |2 snkbucl  |9 267496 
773 0 |t Tvorba T  |g Roč. 5 (14), č. 3 (1995), s. 1-2 
850 |a Slovenská národná knižnica v Martine  |a MTA001 
852 |a SNK  |b KIS3GCP 
958 |a RK 
992 |a RBX 
999 |c 3132014  |d 3133944